[Event "RUS-chT U14 Girls"]
[Site "Sochi"]
[Date "2017.05.01"]
[Round "1.3"]
[White "Nur Mukhametova, Alisa"]
[Black "Gibadullina, Rajana"]
[Result "1-0"]
[WhiteElo "1699"]
[BlackElo "1706"]
[PlyCount "125"]
[EventDate "2017.05.01"]
[EventType "team-tourn"]
[EventRounds "7"]
[EventCountry "RUS"]
[SourceTitle "CBM 178 Extra"]
[Source "ChessBase"]
[SourceDate "2017.06.22"]
[SourceVersion "1"]
[SourceVersionDate "2017.06.22"]
[SourceQuality "1"]

1. d4 Nf6 2. Nf3 g6 3. Nbd2 Bg7 4. e4 d6 5. Bd3 0-0 6. 0-0 Nbd7 7. c3 c5 8. Re1 Rb8 9. a4 b6 10. h3 Bb7 11. e5 Nd5 12. Nc4 dxe5 13. dxe5 Nc7 14. Bg5 Ne6 15. Bh4 a6 16. Be4 Bxe4 17. Rxe4 Qe8 18. Ne3 Nc7 19. Nd5 Nxd5 20. Qxd5 Rc8 21. Rd1 Nb8 22. Qb7 Qc6 23. Qxc6 Nxc6 24. Rd7 Rfd8 25. Rb7 Rb8 26. Rc7 Rbc8 27. Rxc8 Rxc8 28. Kf1 b5 29. Bg3 e6 30. axb5 axb5 31. Ke2 Ra8 32. Nd2 Ra2 33. b3 Bh6 34. f4 Ne7 35. c4 b4 36. Bf2 Ra5 37. g4 Kf8 38. g5 Bg7 39. Re3 Nf5 40. Rd3 Ke8 41. Ne4 h6 42. gxh6 Bxh6 43. Bxc5 Ra2+ 44. Kf3 Bg7 45. Bxb4 Rh2 46. Nf2 Bh6 47. Bc5 g5 48. b4 gxf4 49. b5 Nh4+ 50. Ke4 Nf5 51. b6 Ne7 52. Bxe7 Rxf2 53. Rb3 Kxe7 54. b7 Re2+ 55. Kf3 Rxe5 56. b8Q Rh5 57. Rb7+ Kf6 58. Qd8+ Kg7 59. Qe7 Rf5 60. Qxe6 Rf6 61. Qe5 Kg6 62. h4 Re6 63. h5+ 1-0

[Event "Moscow op-B (Women)"]
[Site "Moscow"]
[Date "2015.02.07"]
[Round "8"]
[White "Bagaeva, Maria"]
[Black "Gibadullina, Rajana"]
[Result "0-1"]
[WhiteElo "1475"]
[BlackElo "1614"]
[PlyCount "86"]
[EventDate "2015.01.31"]
[EventType "swiss"]
[EventRounds "9"]
[EventCountry "RUS"]
[SourceTitle "CBM 164 Extra"]
[Source "ChessBase"]
[SourceDate "2015.03.02"]
[SourceVersion "1"]
[SourceVersionDate "2015.03.02"]
[SourceQuality "1"]

1. e4 c5 2. c3 d5 3. exd5 Qxd5 4. d4 Nf6 5. Nf3 e6 6. Be2 Nc6 7. 0-0 cxd4 8. cxd4 Be7 9. Nc3 Qd8 10. Be3 0-0 11. Bc4 Nb4 12. a3 Nbd5 13. Qd3 b6 14. Bxd5 Nxd5 15. Nxd5 Qxd5 16. Nd2 Bb7 17. f3 Rfd8 18. Qe4 Bf6 19. Qxd5 Rxd5 20. Nb3 Ba6 21. Rfd1 Rad8 22. Rac1 Bb5 23. Rd2 Ba4 24. Na1 h6 25. b3 Bb5 26. Rcd1 Be7 27. Nc2 Rc8 28. a4 Be8 29. Na1 Rc3 30. Bf4 b5 31. axb5 Bxb5 32. Kf2 a5 33. Ra2 Bb4 34. Rc2 a4 35. Rxc3 Bxc3 36. bxa4 Bxa4 37. Rc1 Bxd4+ 38. Ke1 Bb2 39. Rb1 Rb5 40. Ke2 e5 41. Bd2 Bd4 42. Re1 Rb2 43. Kd3 Ra2 0-1

[Event "Moscow op-B (Women)"]
[Site "Moscow"]
[Date "2015.02.05"]
[Round "6"]
[White "Gibadullina, Rajana"]
[Black "Chistyakova, Daria"]
[Result "0-1"]
[WhiteElo "1614"]
[BlackElo "1733"]
[PlyCount "58"]
[EventDate "2015.01.31"]
[EventType "swiss"]
[EventRounds "9"]
[EventCountry "RUS"]
[SourceTitle "CBM 164 Extra"]
[Source "ChessBase"]
[SourceDate "2015.03.02"]
[SourceVersion "1"]
[SourceVersionDate "2015.03.02"]
[SourceQuality "1"]

1. e4 e5 2. Nf3 Nc6 3. d4 exd4 4. Nxd4 Nf6 5. Nxc6 bxc6 6. Bd3 h6 7. e5 Nd5 8. c4 Nb4 9. Be4 Rb8 10. a3 Na6 11. b4 Be7 12. 0-0 0-0 13. Qh5 d5 14. Bc2 Bg5 15. f4 Be7 16. g4 dxc4 17. Rd1 Qe8 18. f5 Bg5 19. Bxg5 Qxe5 20. Nd2 hxg5 21. Ne4 f6 22. Rd2 Qxa1+ 23. Kf2 Qe5 24. Re2 c5 25. Ke1 Qa1+ 26. Kf2 Bb7 27. h4 Qd4+ 28. Ke1 Qg1+ 29. Kd2 Rbd8+ 0-1